000 00506nam a2200181Ia 4500
005 20250508154734.0
008 008 250505s9999 xx 000 0 eng d
037 _aTextual
040 _aFEDL
_beng
_cFEDL
041 _aeng
_2eng
084 _a375.5, TRI
_qFEDL
100 _aTricker R A R
_9286871
245 0 _aContribution of science to education
260 _aLondon, UK
_bMills and Boon Limited
_c1967
300 _a154p.
942 _cTEXL
_h375.5, TRI
999 _c1351891
_d1351891